000 01235nam a2200301 i 4500
001 000039459
003 DO-SdBNP
005 20241029130559.0
007 ta
008 110408s1992 dr ac 000 0 spa d
040 _aDO-SdBNP
_bspa
_cBNPHU
_erda
082 4 _a972.93
_bM385m, 1992
_222
100 1 _aMartínez Armanzar, Juan Francisco,
_eautor
_4aut.
_958453
245 1 0 _aManual de historia crítica dominicana (1492-1865) /
_cJuan Francisco Martínez Armanzar.
250 _aSegunda edición corregida
264 4 _aSanto Domingo :
_bEditora Centro de Adiestramiento e Investigación Social;
_bAsociación de Excursionistas Académicos,
_c1992.
300 _a319 páginas :
_bilustraciones, retratos, mapas;
_c23 cm.
336 _atexto
_btxt
_2rdacontent
337 _asin mediación
_bn
_2rdamedia
338 _avolumen
_bnc
_2rdacarrier
500 _aIncluye datos biográficos del autor en la contracubierta
504 _aBibliografía : páginas 311-313
590 _aInventariado, 2019/MFF
651 4 _aRepública Dominicana
_xHistoria
_y1492-1865
_965658
651 4 _aIsla Española (Haití Y República Dominicana{Rpara}
_xHistoria
_y1492-1865
_965659
910 _aValidado. Control de calidad MFF
942 _2ddc
_cLBS1
999 _c38949
_d38949